000 00586nam a2200205 a 4500
001 2833
005 20140414132000.0
008 051022s19uu xx 00 eng d
020 _a0-07-579655-4
050 _aTR 372.4
_bA1 L.1 T. E.
245 _aWriting and language arts :
_bSRA.
250 _aTeacher's ed.
260 _aColumbus, Ohio :
_bSRA/McGraw-Hill,
_c2003.
300 _a90 p. ; cm.
440 _aSRA Open Court Reading, Orange.
526 _cGrade 1
650 _aPhonics
_xJuvenile literature.
650 _aEnglish language
_xStudy and teaching.
999 _c113035
_d113035